000
00291nam a2200121Ia 4500
008
191201s2018 xx 000 0 und d
100
_a
MURALI, C
245
0
_a
Computer Communication Networks
260
_b
Cemgage Learning
_c
2018
300
_a
300
650
_a
B.Tech(CSE)
942
_2
ddc
_c
BK
999
_c
6967
_d
6967